| 000 | 00676nam a22002417a 4500 | ||
|---|---|---|---|
| 003 | UA-OsUOA | ||
| 001 | 130196 | ||
| 007 | ta | ||
| 008 | 20180413b un ||||| |||| 00| 0 ukr d | ||
| 100 | _aКуліш П. | ||
| 090 |
_a821.161.2:94(477).04 _bК90 |
||
| 942 | _cBK | ||
| 040 |
_aUA-OsUOA _bukr _cUA-OsUOA _dUA-OsUOA |
||
| 245 | _aПовість про український народ | ||
| 300 | _a228 с. | ||
| 955 | _a2 | ||
| 041 | _aukr | ||
| 080 | _a821.161.2:94(477).04 | ||
| 020 | _a978-966-457-301-3 | ||
| 260 |
_aТернопіль _bТерно-граф _c2016 |
||
| 650 | 7 |
_a9 Географія. Біографії. Історія _2UDC |
|
| 999 |
_c418082 _d418082 |
||